[Event "Titled Tuesday intern op 27th Aug Early"]
[Site "Chess.com INT"]
[Date "2024.08.27"]
[Round "11"]
[White "Kislov, Oleg"]
[Black "Kosteniuk, Alexandra"]
[Result "1-0"]
[WhiteElo "2206"]
[BlackElo "2488"]
[PlyCount "73"]
[EventDate "2024.08.27"]
[EventType "swiss (blitz)"]
[EventRounds "11"]
[EventCountry "USA"]
[SourceTitle "EXT 2025"]
[Source "ChessBase"]
[SourceDate "2024.10.14"]
[SourceVersion "1"]
[SourceVersionDate "2024.10.14"]
[SourceQuality "1"]

1. e4 c6 2. d4 d5 3. Nc3 dxe4 4. Nxe4 Nf6 5. Nxf6+ exf6 6. c3 Bd6 7. Bd3 Na6 8. Qc2 h5 9. Ne2 Nc7 10. Bf4 Nd5 11. Bxd6 Qxd6 12. 0-0 h4 13. Rfe1 Kf8 14. Bf5 Rh5 15. Bxc8 Rxc8 16. Nc1 g6 17. Nd3 Kg7 18. Re4 Rch8 19. Rae1 Rg5 20. Qe2 Qd7 21. Qf3 a5 22. Nc5 Qc8 23. c4 Nb6 24. Re7 Rf5 25. Qb3 Na8 26. Qxb7 Qxb7 27. Rxb7 Kh6 28. Rxf7 Nb6 29. b3 Nc8 30. Rd7 h3 31. g3 Rf3 32. Re3 Rxe3 33. fxe3 Re8 34. Kf2 Ne7 35. e4 Kg5 36. Ne6+ Kh6 37. Nc7 1-0

[Event "Titled Tuesday intern op 27th Aug Early"]
[Site "Chess.com INT"]
[Date "2024.08.27"]
[Round "7"]
[White "Kislov, Oleg"]
[Black "Montano Vicente, Guadalupe"]
[Result "1-0"]
[WhiteElo "2206"]
[BlackElo "1950"]
[PlyCount "83"]
[EventDate "2024.08.27"]
[EventType "swiss (blitz)"]
[EventRounds "11"]
[EventCountry "USA"]
[SourceTitle "EXT 2025"]
[Source "ChessBase"]
[SourceDate "2024.10.14"]
[SourceVersion "1"]
[SourceVersionDate "2024.10.14"]
[SourceQuality "1"]

1. e4 c5 2. Nf3 d6 3. c3 Nf6 4. Be2 g6 5. 0-0 Bg7 6. Bb5+ Bd7 7. Bxd7+ Nbxd7 8. Re1 0-0 9. d4 b5 10. e5 Ne8 11. Bg5 f6 12. exf6 exf6 13. Bf4 c4 14. a4 a6 15. axb5 axb5 16. Rxa8 Qxa8 17. Na3 Qb8 18. Re7 Nb6 19. Qe2 Kh8 20. Qe6 Na4 21. Bc1 Nc7 22. Qxd6 Na8 23. Qd7 Rd8 24. Qxb5 Bf8 25. Rb7 Qc8 26. Nxc4 N4b6 27. Rxb6 Nxb6 28. Qxb6 Re8 29. Qxf6+ Bg7 30. Qf7 Qa8 31. Nce5 Rf8 32. Qc4 Qe8 33. h4 h6 34. Be3 Rf6 35. d5 Ra6 36. Bd4 Ra1+ 37. Kh2 Qb8 38. b4 Ra7 39. g3 Rc7 40. Qd3 Re7 41. Nxg6+ Kg8 42. Nxe7+ 1-0

[Event "Titled Tuesday intern op 27th Aug Early"]
[Site "Chess.com INT"]
[Date "2024.08.27"]
[Round "5"]
[White "Kislov, Oleg"]
[Black "Smirnov, Mark1"]
[Result "1/2-1/2"]
[WhiteElo "2206"]
[BlackElo "2315"]
[PlyCount "128"]
[EventDate "2024.08.27"]
[EventType "swiss (blitz)"]
[EventRounds "11"]
[EventCountry "USA"]
[SourceTitle "EXT 2025"]
[Source "ChessBase"]
[SourceDate "2024.10.14"]
[SourceVersion "1"]
[SourceVersionDate "2024.10.14"]
[SourceQuality "1"]

1. e4 e5 2. Nf3 Nf6 3. Nc3 Nc6 4. d4 exd4 5. Nxd4 Bb4 6. Nxc6 bxc6 7. Bd3 d5 8. exd5 0-0 9. 0-0 cxd5 10. Bg5 Be6 11. Qf3 h6 12. Bxf6 Qxf6 13. Qxf6 gxf6 14. Ne2 c5 15. c3 Ba5 16. Nf4 c4 17. Bc2 Rab8 18. Rab1 Rb6 19. Rfd1 Rfb8 20. b4 cxb3 21. Bxb3 Bxc3 22. Nxd5 Bxd5 23. Rxd5 Be5 24. Rbd1 R8b7 25. Rd7 Kg7 26. g3 a5 27. Bxf7 Rxd7 28. Rxd7 Rd6 29. Ra7 Rd1+ 30. Kg2 Bd4 31. Bh5+ Bxa7 32. Bxd1 f5 33. Kf3 Kf6 34. Bc2 Ke5 35. h3 Bc5 36. Kg2 f4 37. g4 Kf6 38. h4 Bd4 39. Kf3 Bb6 40. g5+ hxg5 41. hxg5+ Kxg5 42. Bd3 Bc7 43. Bc2 Bb6 44. a4 Bd4 45. Bd3 Be5 46. Bb5 Kf5 47. Ke2 Ke4 48. f3+ Kd4 49. Be8 Bd6 50. Bd7 Bc5 51. Be8 Kc3 52. Bb5 Kb4 53. Be8 Bb6 54. Bb5 Kc5 55. Be8 Kd6 56. Bb5 Bc5 57. Kf1 Ke7 58. Ke2 Bb4 59. Kd3 Kd6 60. Ke4 Bd2 61. Bd3 Be3 62. Bb5 Kc5 63. Be8 Kb4 64. Bb5 Kc5 1/2-1/2

[Event "Titled Tuesday intern op 27th Aug Early"]
[Site "Chess.com INT"]
[Date "2024.08.27"]
[Round "10"]
[White "Maneluk, Daniil"]
[Black "Kislov, Oleg"]
[Result "1-0"]
[WhiteElo "2213"]
[BlackElo "2206"]
[PlyCount "101"]
[EventDate "2024.08.27"]
[EventType "swiss (blitz)"]
[EventRounds "11"]
[EventCountry "USA"]
[SourceTitle "EXT 2025"]
[Source "ChessBase"]
[SourceDate "2024.10.14"]
[SourceVersion "1"]
[SourceVersionDate "2024.10.14"]
[SourceQuality "1"]

1. e4 e6 2. d4 d5 3. Bd3 Nf6 4. e5 Nfd7 5. Ne2 c5 6. c3 Nc6 7. Nd2 cxd4 8. cxd4 f6 9. Nf4 Nxd4 10. Qh5+ Ke7 11. Ng6+ hxg6 12. exf6+ Nxf6 13. Qxh8 Kf7 14. Qh4 e5 15. Nf3 Nxf3+ 16. gxf3 Bf5 17. Bxf5 gxf5 18. Bg5 Be7 19. 0-0 d4 20. Rfe1 Qd5 21. Rac1 Bd6 22. Qh3 Ke6 23. Bf4 g5 24. Bxg5 Rg8 25. Qh6 Rxg5+ 26. Qxg5 Qxf3 27. Qg3 Qxg3+ 28. hxg3 d3 29. Rcd1 Bb4 30. Re3 d2 31. a3 Bc5 32. Re2 Ne4 33. Kg2 Bd4 34. f3 Nd6 35. Rdxd2 Kd5 36. b4 Nc4 37. Rd3 b5 38. g4 e4 39. fxe4+ fxe4 40. Rh3 e3 41. g5 Ke4 42. g6 Kd3 43. Kf1 Nd2+ 44. Rxd2+ Kxd2 45. Rh2+ Kc3 46. Re2 Kd3 47. Rg2 Bg7 48. Rh2 Kc3 49. Ke2 Kb3 50. Rh7 Bd4 51. Rxa7 1-0

[Event "Titled Tuesday intern op 27th Aug Early"]
[Site "Chess.com INT"]
[Date "2024.08.27"]
[Round "1"]
[White "Margvelashvili, Giorgi"]
[Black "Kislov, Oleg"]
[Result "1-0"]
[WhiteElo "2531"]
[BlackElo "2206"]
[PlyCount "185"]
[EventDate "2024.08.27"]
[EventType "swiss (blitz)"]
[EventRounds "11"]
[EventCountry "USA"]
[SourceTitle "EXT 2025"]
[Source "ChessBase"]
[SourceDate "2024.10.14"]
[SourceVersion "1"]
[SourceVersionDate "2024.10.14"]
[SourceQuality "1"]

1. Nf3 d5 2. c4 e6 3. g3 Nf6 4. Bg2 Be7 5. 0-0 0-0 6. b3 c5 7. Bb2 Nc6 8. e3 d4 9. exd4 cxd4 10. Re1 Bc5 11. d3 Re8 12. Ne5 Nxe5 13. Rxe5 Qd6 14. f4 Nd7 15. Re1 Rb8 16. a3 a5 17. Nd2 Nf6 18. Bc1 b6 19. Ne4 Nxe4 20. Bxe4 Bb7 21. Qf3 Bxe4 22. Rxe4 Qc6 23. Qg2 f5 24. Re5 Qxg2+ 25. Kxg2 Bd6 26. Rb5 e5 27. fxe5 Rxe5 28. Rxe5 Bxe5 29. b4 a4 30. b5 Bd6 31. Bb2 Bc5 32. Re1 Kf7 33. Re5 g6 34. Rd5 Re8 35. Bxd4 Bxd4 36. Rxd4 Re2+ 37. Kf3 Rxh2 38. Rd7+ Ke6 39. Rb7 Ra2 40. Rxb6+ Ke5 41. Ra6 Rxa3 42. Ke3 g5 43. b6 f4+ 44. gxf4+ gxf4+ 45. Ke2 f3+ 46. Ke3 f2 47. Kxf2 Rxd3 48. Rxa4 Kd6 49. Rb4 Kc5 50. b7 Kxb4 51. b8Q+ Kxc4 52. Qc7+ Kd4 53. Ke2 Re3+ 54. Kd2 Re4 55. Qd6+ Kc4 56. Qc6+ Kd4 57. Qb5 Re6 58. Qb4+ Kd5 59. Kd3 Ke5 60. Qd4+ Kf5 61. Qf2+ Kg6 62. Qg3+ Kf7 63. Kd4 Rg6 64. Qh4 Kg8 65. Ke5 Kf7 66. Kf5 Kg8 67. Qe7 Kh8 68. Qf8+ Rg8 69. Qf6+ Rg7 70. Ke6 h5 71. Qh6+ Kg8 72. Kf6 Rf7+ 73. Kg6 h4 74. Qe3 Rg7+ 75. Kf6 Rf7+ 76. Ke6 h3 77. Qg3+ Rg7 78. Qxh3 Rg6+ 79. Kf5 Rg7 80. Qb3+ Kh7 81. Qc3 Rf7+ 82. Kg5 Rg7+ 83. Kf6 Kg8 84. Qc4+ Kh7 85. Qh4+ Kg8 86. Qh5 Rg1 87. Qe8+ Kh7 88. Qd7+ Kg8 89. Qc8+ Kh7 90. Qc7+ Kg8 91. Qb8+ Kh7 92. Qh2+ Kg8 93. Qxg1+ 1-0

[Event "Titled Tuesday intern op 27th Aug Early"]
[Site "Chess.com INT"]
[Date "2024.08.27"]
[Round "3"]
[White "Rosen, Eric S"]
[Black "Kislov, Oleg"]
[Result "1-0"]
[WhiteElo "2373"]
[BlackElo "2206"]
[PlyCount "131"]
[EventDate "2024.08.27"]
[EventType "swiss (blitz)"]
[EventRounds "11"]
[EventCountry "USA"]
[SourceTitle "EXT 2025"]
[Source "ChessBase"]
[SourceDate "2024.10.14"]
[SourceVersion "1"]
[SourceVersionDate "2024.10.14"]
[SourceQuality "1"]

1. d4 Nf6 2. Bf4 d5 3. e3 e6 4. Nf3 c5 5. Nbd2 Nc6 6. c3 Bd6 7. Bg3 0-0 8. Bb5 Ne7 9. Bd3 Qb6 10. Rb1 Bd7 11. Qe2 a6 12. Ne5 Bb5 13. Bh4 Ne4 14. Nxe4 dxe4 15. Bxb5 Qxb5 16. Qxb5 axb5 17. Nd7 Rfd8 18. Nxc5 Bxc5 19. dxc5 f6 20. a3 Rd5 21. Ke2 Rxc5 22. Rhd1 Nd5 23. f3 Rc4 24. Rd4 f5 25. Rbd1 Rac8 26. Bg3 Kf7 27. Be5 g6 28. fxe4 fxe4 29. Rf1+ Ke7 30. g4 R8c6 31. Bg3 Rc8 32. Bh4+ Ke8 33. h3 R8c6 34. Bg3 Rc8 35. Be5 R8c6 36. Bg7 Ke7 37. Bf8+ Ke8 38. Bh6 Ke7 39. Bg5+ Ke8 40. Bh4 Rc8 41. Bg3 R8c6 42. h4 Rc8 43. Be5 Ke7 44. Bg7 R8c6 45. Bh6 Rc8 46. h5 gxh5 47. gxh5 Rxd4 48. exd4 Rg8 49. Rf2 Rg1 50. Bf8+ Ke8 51. a4 Rb1 52. Ba3 bxa4 53. Rf8+ Kd7 54. Rf7+ Kc6 55. Rxh7 Ra1 56. Rh6 Nxc3+ 57. Ke3 Nd5+ 58. Kxe4 Re1+ 59. Kf3 b5 60. Bc5 b4 61. Rh8 Kb5 62. Rb8+ Kc4 63. h6 Rh1 64. Bf8 a3 65. bxa3 bxa3 66. Ra8 1-0

[Event "Titled Tuesday intern op 20th Aug Early"]
[Site "Chess.com INT"]
[Date "2024.08.20"]
[Round "6"]
[White "Fiorito, Francisco"]
[Black "Kislov, Oleg"]
[Result "1-0"]
[WhiteElo "2416"]
[BlackElo "2206"]
[PlyCount "93"]
[EventDate "2024.08.20"]
[EventType "swiss (blitz)"]
[EventRounds "11"]
[EventCountry "USA"]
[SourceTitle "EXT 2025"]
[Source "ChessBase"]
[SourceDate "2024.10.14"]
[SourceVersion "1"]
[SourceVersionDate "2024.10.14"]
[SourceQuality "1"]

1. Nf3 d5 2. g3 Nf6 3. Bg2 c6 4. 0-0 Bg4 5. h3 Bh5 6. d4 Nbd7 7. c4 e6 8. cxd5 exd5 9. Ne5 Nxe5 10. dxe5 Nd7 11. f4 Bc5+ 12. Kh2 Qe7 13. Nc3 f6 14. Qb3 Bb6 15. e4 d4 16. exf6 Nxf6 17. e5 dxc3 18. exf6 gxf6 19. bxc3 0-0-0 20. Ba3 Qd7 21. Rae1 Rhe8 22. c4 Bf7 23. Bb2 Bd4 24. Rd1 c5 25. Bxd4 cxd4 26. Rxd4 Qc7 27. Rxd8+ Rxd8 28. Qb2 Qe7 29. Re1 Qc7 30. Qxf6 Bxc4 31. Rc1 b5 32. Qf5+ Kb8 33. Qe4 Bd5 34. Qxd5 Rxd5 35. Rxc7 Rd2 36. Rc5 a6 37. a3 Rd3 38. a4 b4 39. Rc6 Ka7 40. a5 b3 41. Rc7+ Kb8 42. Rb7+ Kc8 43. Rb6 h5 44. f5 Kc7 45. f6 Rd2 46. Rxb3 Rf2 47. Rf3 1-0

[Event "Titled Tuesday intern op 20th Aug Early"]
[Site "Chess.com INT"]
[Date "2024.08.20"]
[Round "3"]
[White "Kislov, Oleg"]
[Black "Georgiadis, Nico"]
[Result "0-1"]
[WhiteElo "2206"]
[BlackElo "2508"]
[PlyCount "128"]
[EventDate "2024.08.20"]
[EventType "swiss (blitz)"]
[EventRounds "11"]
[EventCountry "USA"]
[SourceTitle "EXT 2025"]
[Source "ChessBase"]
[SourceDate "2024.10.14"]
[SourceVersion "1"]
[SourceVersionDate "2024.10.14"]
[SourceQuality "1"]

1. e4 g6 2. d4 Bg7 3. Nc3 d6 4. Be3 a6 5. Qd2 Nd7 6. 0-0-0 b5 7. Nf3 Bb7 8. Bd3 b4 9. Ne2 Ngf6 10. Bh6 Bxh6 11. Qxh6 Bxe4 12. Ng5 Bxd3 13. Qg7 Rf8 14. Rxd3 c6 15. Nxh7 Nxh7 16. Qxh7 Qa5 17. Kb1 0-0-0 18. Nc1 Qd5 19. Qh3 Kb7 20. Re1 e6 21. Rb3 a5 22. Qe3 c5 23. Rd3 c4 24. Rdd1 Nb6 25. Qe4 Rh8 26. h3 a4 27. c3 b3 28. a3 Qxe4+ 29. Rxe4 d5 30. Rf4 Rd7 31. Ne2 Nc8 32. Ng1 Nd6 33. Nf3 Rh7 34. Ne5 Rc7 35. Rf6 Kc8 36. f3 Kd8 37. Rf4 Ke7 38. h4 Nf5 39. Rh1 Rc8 40. Rg4 Rch8 41. g3 Rh5 42. f4 R5h6 43. Nc6+ Kd6 44. Ne5 R8h7 45. Kc1 Ne3 46. Rg5 f6 47. Rxg6 fxe5 48. fxe5+ Ke7 49. Rxh6 Rxh6 50. Kd2 Nf5 51. Rh3 Rg6 52. Ke2 Nxg3+ 53. Kf3 Ne4 54. h5 Ng5+ 55. Kg4 Nxh3+ 56. hxg6 Nf2+ 57. Kh5 Kf8 58. Kh6 Kg8 59. g7 Nd3 60. Kg6 Nxb2 61. Kf6 Nd3 62. Kxe6 b2 63. Kd7 b1Q 64. e6 Qb7+ 0-1

[Event "Titled Tuesday intern op 20th Aug Early"]
[Site "Chess.com INT"]
[Date "2024.08.20"]
[Round "2"]
[White "Persson, Richard"]
[Black "Kislov, Oleg"]
[Result "0-1"]
[WhiteElo "2106"]
[BlackElo "2206"]
[PlyCount "70"]
[EventDate "2024.08.20"]
[EventType "swiss (blitz)"]
[EventRounds "11"]
[EventCountry "USA"]
[SourceTitle "EXT 2025"]
[Source "ChessBase"]
[SourceDate "2024.10.14"]
[SourceVersion "1"]
[SourceVersionDate "2024.10.14"]
[SourceQuality "1"]

1. e4 c5 2. Nf3 Nc6 3. b4 cxb4 4. d4 d6 5. a3 Nf6 6. Bd3 d5 7. exd5 Nxd5 8. 0-0 Bg4 9. Bb2 e6 10. h3 Bh5 11. Re1 Be7 12. Be4 0-0 13. Nbd2 Nc3 14. Bxc3 bxc3 15. Nb3 Rc8 16. Qd3 Bf6 17. Bxh7+ Kh8 18. Be4 Bxf3 19. Qxf3 g6 20. Rad1 Nxd4 21. Nxd4 Bxd4 22. Bxb7 Rc5 23. Be4 Kg7 24. Qf4 e5 25. Qg3 f5 26. Bd3 Qa5 27. Ra1 e4 28. Bf1 Be5 29. Qh4 Bf6 30. Qf4 Rd8 31. Red1 Rd2 32. Rxd2 cxd2 33. Rd1 Rxc2 34. Be2 Qxa3 35. Rxd2 Qc1+ 0-1

[Event "Titled Tuesday intern op 30th Jul Early"]
[Site "Chess.com INT"]
[Date "2024.07.30"]
[Round "3"]
[White "Kislov, Oleg"]
[Black "Monpeurt, Cyrielle"]
[Result "1-0"]
[WhiteElo "2206"]
[BlackElo "2106"]
[PlyCount "79"]
[EventDate "2024.07.30"]
[EventType "swiss (blitz)"]
[EventRounds "11"]
[EventCountry "USA"]
[SourceTitle "EXT 2025"]
[Source "ChessBase"]
[SourceDate "2024.10.14"]
[SourceVersion "1"]
[SourceVersionDate "2024.10.14"]
[SourceQuality "1"]

1. e4 c5 2. Nf3 g6 3. c3 d5 4. exd5 Qxd5 5. d4 Bg7 6. Be3 cxd4 7. cxd4 Nh6 8. Nc3 Qd8 9. Bc4 0-0 10. 0-0 Nf5 11. Bb3 Nc6 12. Rc1 Ncxd4 13. Nxd4 Nxd4 14. Bc4 a6 15. a4 Bf5 16. Qd2 e5 17. Rfd1 Qh4 18. Bd5 Rab8 19. g3 Qe7 20. Bg2 Rfd8 21. Bxd4 exd4 22. Nd5 Qe5 23. Re1 Qd6 24. Ne7+ Kh8 25. Nxf5 gxf5 26. Qd3 Qg6 27. f4 Qb6 28. b3 Rbc8 29. Rxc8 Rxc8 30. Kf1 Qc5 31. Bxb7 Rd8 32. Bxa6 Qc3 33. Bc4 Qb2 34. Re2 Qc1+ 35. Kg2 h5 36. h4 Qa1 37. Qxf5 d3 38. Qxh5+ Kg8 39. Qxf7+ Kh8 40. Qh5+ 1-0

[Event "Titled Tuesday intern op 18th Jun Early"]
[Site "Chess.com INT"]
[Date "2024.06.18"]
[Round "1"]
[White "Kislov, Oleg"]
[Black "Arbunic Castro, Giovanna B"]
[Result "1-0"]
[WhiteElo "2206"]
[BlackElo "1958"]
[PlyCount "53"]
[EventDate "2024.06.18"]
[EventType "swiss (blitz)"]
[EventRounds "11"]
[EventCountry "USA"]
[SourceTitle "EXT 2025"]
[Source "ChessBase"]
[SourceDate "2024.10.14"]
[SourceVersion "1"]
[SourceVersionDate "2024.10.14"]
[SourceQuality "1"]

1. e4 g6 2. d4 Bg7 3. Nc3 c5 4. Be3 Qa5 5. Nge2 Nf6 6. Qd2 cxd4 7. Nxd4 0-0 8. Bc4 Ng4 9. 0-0-0 Nxe3 10. Qxe3 a6 11. h4 b5 12. Bb3 Nc6 13. Nxc6 dxc6 14. h5 c5 15. hxg6 hxg6 16. Bd5 Rb8 17. Qg3 e6 18. Qxb8 exd5 19. Nxd5 Re8 20. Ne7+ Kf8 21. Nxc8 Qxa2 22. Qd6+ Kg8 23. Ne7+ Rxe7 24. Qd8+ Bf8 25. Rh8+ Kxh8 26. Qxf8+ Kh7 27. Rh1# 1-0

[Event "Titled Tuesday intern op 18th Jun Early"]
[Site "Chess.com INT"]
[Date "2024.06.18"]
[Round "2"]
[White "Sahakyan, Aleks"]
[Black "Kislov, Oleg"]
[Result "1-0"]
[WhiteElo "2287"]
[BlackElo "2206"]
[PlyCount "69"]
[EventDate "2024.06.18"]
[EventType "swiss (blitz)"]
[EventRounds "11"]
[EventCountry "USA"]
[SourceTitle "EXT 2025"]
[Source "ChessBase"]
[SourceDate "2024.10.14"]
[SourceVersion "1"]
[SourceVersionDate "2024.10.14"]
[SourceQuality "1"]

1. e4 e6 2. d4 d5 3. exd5 exd5 4. Nc3 c6 5. Bd3 Bd6 6. Nf3 Ne7 7. Ne2 Bf5 8. Ng3 Bg6 9. 0-0 Nd7 10. Re1 0-0 11. Ne5 Bxd3 12. Qxd3 f6 13. Nf3 Re8 14. Bd2 Nf8 15. Re2 Qd7 16. Rae1 g6 17. Bh6 Kf7 18. Ne5+ Bxe5 19. dxe5 Ng8 20. Bxf8 Kxf8 21. e6 Qd6 22. h4 Kg7 23. h5 Re7 24. Qf3 Rae8 25. hxg6 hxg6 26. Qg4 Nh6 27. Nh5+ Kh7 28. Nxf6+ Kg7 29. Nxe8+ Rxe8 30. Qd4+ Kh7 31. e7 Nf5 32. Qg4 Rxe7 33. Rxe7+ Nxe7 34. Qh4+ Kg8 35. Rxe7 1-0

[Event "Titled Tuesday intern op 05th Mar Early"]
[Site "Chess.com INT"]
[Date "2024.03.05"]
[Round "7"]
[White "Begunov, Konstantin"]
[Black "Kislov, Oleg"]
[Result "0-1"]
[WhiteElo "2325"]
[BlackElo "2206"]
[PlyCount "80"]
[EventDate "2024.03.05"]
[EventType "swiss (blitz)"]
[EventRounds "11"]
[EventCountry "USA"]
[SourceTitle "EXT 2025"]
[Source "ChessBase"]
[SourceDate "2024.10.14"]
[SourceVersion "1"]
[SourceVersionDate "2024.10.14"]
[SourceQuality "1"]

1. d4 Nf6 2. c4 e6 3. Nf3 d5 4. cxd5 exd5 5. Nc3 c6 6. Bg5 Be7 7. Qc2 0-0 8. e3 Re8 9. Bd3 h6 10. Bh4 Ne4 11. Bxe4 Bxh4 12. Bh7+ Kh8 13. 0-0 Bf6 14. Bf5 Bxf5 15. Qxf5 Qd7 16. Qd3 Na6 17. Rab1 Nc7 18. b4 a6 19. a4 Qd6 20. b5 axb5 21. axb5 c5 22. dxc5 Qxc5 23. Rfc1 Ra3 24. Nd4 Ne6 25. Qd2 Bxd4 26. Nd1 Qb6 27. exd4 Qxd4 28. Qxd4 Nxd4 29. Kf1 Ne6 30. Ne3 d4 31. Nc4 Ra2 32. Nd6 Re7 33. Rc8+ Kh7 34. Rb8 Nf4 35. Rxb7 Ree2 36. Kg1 Rxf2 37. Rxf7 Rxg2+ 38. Kf1 Raf2+ 39. Ke1 Nd3+ 40. Kd1 Rd2# 0-1

[Event "Titled Tuesday intern op 05th Mar Early"]
[Site "Chess.com INT"]
[Date "2024.03.05"]
[Round "10"]
[White "Devaev, Alexander"]
[Black "Kislov, Oleg"]
[Result "0-1"]
[WhiteElo "2325"]
[BlackElo "2206"]
[PlyCount "62"]
[EventDate "2024.03.05"]
[EventType "swiss (blitz)"]
[EventRounds "11"]
[EventCountry "USA"]
[SourceTitle "EXT 2025"]
[Source "ChessBase"]
[SourceDate "2024.10.14"]
[SourceVersion "1"]
[SourceVersionDate "2024.10.14"]
[SourceQuality "1"]

1. Nf3 d5 2. c4 e6 3. e3 Nf6 4. b3 c5 5. Bb2 Nc6 6. cxd5 exd5 7. Bb5 Be7 8. 0-0 0-0 9. d4 Bg4 10. Bxc6 bxc6 11. dxc5 Bxc5 12. Nc3 Bd6 13. Ne2 Bxf3 14. gxf3 Qe7 15. Rc1 Rac8 16. Ng3 Qe6 17. Kg2 Be5 18. Qd2 h5 19. Rg1 h4 20. Ne2 h3+ 21. Kf1 Bxh2 22. Rh1 Be5 23. Bxe5 Qxe5 24. Rxh3 g6 25. Kg2 Kg7 26. Rch1 Rh8 27. Ng3 Qg5 28. Qc3 Rxh3 29. Rxh3 c5 30. b4 c4 31. Rh4 Qxh4 0-1

[Event "Titled Tuesday intern op 05th Mar Early"]
[Site "Chess.com INT"]
[Date "2024.03.05"]
[Round "11"]
[White "Kislov, Oleg"]
[Black "Rosenberg, Evan"]
[Result "1-0"]
[WhiteElo "2206"]
[BlackElo "1982"]
[PlyCount "111"]
[EventDate "2024.03.05"]
[EventType "swiss (blitz)"]
[EventRounds "11"]
[EventCountry "USA"]
[SourceTitle "EXT 2025"]
[Source "ChessBase"]
[SourceDate "2024.10.14"]
[SourceVersion "1"]
[SourceVersionDate "2024.10.14"]
[SourceQuality "1"]

1. e4 e6 2. d4 d5 3. Nc3 Bb4 4. Qd3 c5 5. a3 Bxc3+ 6. Qxc3 cxd4 7. Qxd4 Nf6 8. exd5 Qxd5 9. Qxd5 Nxd5 10. Bd2 0-0 11. c4 Nf6 12. f3 Nc6 13. Bc3 e5 14. Bd3 Be6 15. Ne2 Rfd8 16. 0-0-0 Rac8 17. b3 b5 18. Kc2 bxc4 19. Bxc4 Bxc4 20. Rxd8+ Nxd8 21. bxc4 Rxc4 22. Rd1 Ne6 23. Kb3 Rc5 24. Rd6 h5 25. Ra6 Nd5 26. Rxa7 Nxc3 27. Ra8+ Kh7 28. Nxc3 Nd4+ 29. Kb4 Rc6 30. a4 Rg6 31. g3 Nxf3 32. a5 f5 33. a6 e4 34. a7 Ra6 35. Kb5 Ra3 36. Kb6 e3 37. Rc8 Ne5 38. a8Q Rxa8 39. Rxa8 Kg6 40. Kc5 Kg5 41. Kd4 Nf3+ 42. Kxe3 Nxh2 43. Ra5 g6 44. Kf2 Ng4+ 45. Kg2 Ne3+ 46. Kf3 Nc4 47. Rc5 Nd2+ 48. Kg2 Kg4 49. Nd5 Ne4 50. Ne3+ Kg5 51. Rc6 Nd2 52. Nd5 Ne4 53. Nf4 Kg4 54. Rxg6+ Ng5 55. Ne6 h4 56. Rxg5# 1-0

[Event "Titled Tuesday intern op 05th Mar Early"]
[Site "Chess.com INT"]
[Date "2024.03.05"]
[Round "8"]
[White "Kislov, Oleg"]
[Black "Seletsky, Grigory"]
[Result "1/2-1/2"]
[WhiteElo "2206"]
[BlackElo "2181"]
[PlyCount "134"]
[EventDate "2024.03.05"]
[EventType "swiss (blitz)"]
[EventRounds "11"]
[EventCountry "USA"]
[SourceTitle "EXT 2025"]
[Source "ChessBase"]
[SourceDate "2024.10.14"]
[SourceVersion "1"]
[SourceVersionDate "2024.10.14"]
[SourceQuality "1"]

1. d4 c5 2. dxc5 e6 3. Nc3 Na6 4. e4 Nxc5 5. Be3 d6 6. Qd2 a6 7. 0-0-0 Qc7 8. f4 Be7 9. Nf3 Nf6 10. e5 dxe5 11. Nxe5 0-0 12. g4 Rd8 13. Qe1 Rxd1+ 14. Qxd1 b5 15. Bg2 Bb7 16. Bxb7 Qxb7 17. Rf1 b4 18. Ne2 Rd8 19. Nd4 Qe4 20. Qf3 Rxd4 21. Bxd4 Qxd4 22. Nc6 Qd6 23. Rd1 Nd5 24. Nxb4 Qxf4+ 25. Qxf4 Nxf4 26. Nc6 Bg5 27. Kb1 g6 28. c4 Kg7 29. Kc2 Ng2 30. Kc3 Ne3 31. Rg1 Bf6+ 32. Kb4 Nd3+ 33. Ka5 Nxc4+ 34. Kxa6 Ndxb2 35. g5 Bc3 36. Rc1 Bd2 37. Rc2 Bxg5 38. a4 h5 39. a5 Be3 40. Kb7 f5 41. a6 Kf6 42. a7 Bxa7 43. Nxa7 e5 44. Kc6 e4 45. Kc5 Ke5 46. Nc6+ Kf4 47. Nd4 Ke3 48. Kd5 f4 49. Re2+ Kd3 50. Rxe4 Na4 51. Rxf4 Nc3+ 52. Kc5 Ne4+ 53. Kd5 Nc3+ 54. Ke6 g5 55. Rf5 Kxd4 56. Rxg5 Ne4 57. Rxh5 Ne3 58. Rh8 Ng5+ 59. Kf6 Ne4+ 60. Kg6 Ke5 61. Re8+ Kf4 62. Rf8+ Kg4 63. h4 Ng2 64. h5 Nf4+ 65. Rxf4+ Kxf4 66. h6 Ng5 67. h7 Nxh7 1/2-1/2

[Event "Titled Tuesday intern op 7th Mar Early"]
[Site "Chess.com INT"]
[Date "2023.03.07"]
[Round "2"]
[White "Aradhya, Garg"]
[Black "Kislov, Oleg"]
[Result "1/2-1/2"]
[WhiteElo "2305"]
[BlackElo "2206"]
[PlyCount "108"]
[EventDate "2023.03.07"]
[EventType "swiss (blitz)"]
[EventRounds "11"]
[EventCountry "USA"]
[SourceTitle "EXT 2024"]
[Source "ChessBase"]
[SourceDate "2023.10.10"]
[SourceVersion "1"]
[SourceVersionDate "2023.10.10"]
[SourceQuality "1"]

1. d4 Nf6 2. c4 e6 3. Nf3 d5 4. Nc3 Bb4 5. cxd5 exd5 6. Bg5 h6 7. Bh4 g5 8. Bg3 Ne4 9. Nd2 Nxc3 10. bxc3 Bd6 11. e3 c6 12. Bd3 Be6 13. a4 Qc7 14. Rb1 b6 15. 0-0 Nd7 16. e4 0-0-0 17. e5 Be7 18. Qe2 h5 19. h3 h4 20. Bh2 Rdg8 21. f3 c5 22. a5 c4 23. axb6 cxd3 24. b7+ Qxb7 25. Qxd3 Nb6 26. f4 gxf4 27. Bxf4 Kb8 28. Rb2 Rc8 29. Be3 Rhg8 30. Nf3 Bxh3 31. e6 Bxe6 32. Bf4+ Ka8 33. Ra1 h3 34. g3 Rgd8 35. Rba2 Bd6 36. Kh2 Bxf4 37. gxf4 Qb8 38. Rxa7+ Qxa7 39. Rxa7+ Kxa7 40. f5 Bd7 41. Ne5 Be8 42. Kxh3 Nc4 43. f6 Nxe5 44. dxe5 Rc4 45. Kg3 Bb5 46. Qe3+ Kb7 47. e6 Re4 48. Qc5 Rg8+ 49. Kf2 Rxe6 50. Qxb5+ Kc7 51. Qc5+ Kb8 52. Qb5+ Kc7 53. Qc5+ Kb8 54. Qb5+ Kc7 1/2-1/2

[Event "Titled Tuesday intern op 7th Mar Early"]
[Site "Chess.com INT"]
[Date "2023.03.07"]
[Round "11"]
[White "Sowinski, Pawel"]
[Black "Kislov, Oleg"]
[Result "0-1"]
[WhiteElo "2313"]
[BlackElo "2206"]
[PlyCount "118"]
[EventDate "2023.03.07"]
[EventType "swiss (blitz)"]
[EventRounds "11"]
[EventCountry "USA"]
[SourceTitle "EXT 2024"]
[Source "ChessBase"]
[SourceDate "2023.10.10"]
[SourceVersion "1"]
[SourceVersionDate "2023.10.10"]
[SourceQuality "1"]

1. d4 d5 2. Nf3 Nf6 3. g3 e6 4. Bg2 Be7 5. 0-0 0-0 6. c4 c6 7. b3 b6 8. Bb2 Bb7 9. Nbd2 Nbd7 10. Re1 Rc8 11. Rc1 c5 12. e3 dxc4 13. Nxc4 cxd4 14. Bxd4 Nc5 15. Bxc5 Bxc5 16. Nfe5 Bxg2 17. Kxg2 Qxd1 18. Rexd1 Rfd8 19. a4 Kf8 20. h3 Rxd1 21. Rxd1 Ke7 22. g4 Rc7 23. Kf3 Nd5 24. Nd3 f6 25. Nxc5 Rxc5 26. e4 Nc3 27. Rc1 Na2 28. Ra1 Nb4 29. Ke2 Nc2 30. Rd1 e5 31. Rd3 Nd4+ 32. Kd1 Nxb3 33. Ne3 Rc1+ 34. Ke2 Nd4+ 35. Kd2 Ra1 36. Nd5+ Kd6 37. Nc3 Kc5 38. f4 Kc4 39. fxe5 fxe5 40. Re3 Rh1 41. Nd5 Rh2+ 42. Kd1 Rh1+ 43. Kd2 Nb3+ 44. Kc2 Rh2+ 45. Kd1 Nc5 46. a5 bxa5 47. Ra3 a4 48. Kc1 a5 49. Kd1 Kd4 50. Nb6 Kxe4 51. Ke1 Nd3+ 52. Kf1 Rxh3 53. Nxa4 Ke3 54. Kg2 Rh6 55. Nb2 e4 56. Nc4+ Kd4 57. Nxa5 Rg6 58. Nb3+ Ke3 59. Kg3 h5 0-1